000
00219nam a22000857a 4500
999
_c
4206
_d
4206
008
161128b xxu||||| |||| 00| 0 eng d
100
_9
1480
_a
Arora.S.
245
_a
Computer Science with C++
260
_a
New Delhi
_b
Dhanpt
_c
2012